000 00957pam a2200277 i 4500
999 _c7322
_d7322
001 1808075
003 GBCCL
005 20241126110625.0
008 801205r19811951ctu b 000 0 eng
010 _a 79008719
020 _a0313221928 (lib. bdg.)
040 _aDLC
_cDLC
_dDLC
050 0 0 _aBV4012
_b.M293 1981
082 0 0 _a253.5
_219
_bMCK
100 1 _aMcKenzie, John Grant,
_d1882-
_912964
245 1 0 _aNervous disorders and religion :
_ba study of souls in the making /
_cby John G. McKenzie.
260 _aNewyork :
_bCollier book,
_c1962.
300 _a160 p. ;
_c22 cm.
500 _aReprint of the 1951 ed. published by G. Allen and Unwin, London, which was issued as Tate lectures, 1947.
504 _aIncludes bibliographical references.
650 0 _aPastoral psychology.
_9176
650 0 _aPsychotherapy.
_912965
830 0 _aTate lectures ;
_v1947.
_912966
906 _a7
_bcbc
_corignew
_du
_eocip
_f19
_gy-gencatlg
942 _2ddc
_cBK